书目信息 |
| 题名: |
工程测量
|
|
| 作者: | 赵雪云 , 李峰 主编 ;刘娟 , 高岩 , 白玉 编写 | |
| 分册: | ||
| 出版信息: | 北京 中国电力出版社 2007.08 |
|
| 页数: | 210页 | |
| 开本: | 26cm | |
| 丛书名: | ||
| 单 册: | ||
| 中图分类: | TB22 | |
| 科图分类: | ||
| 主题词: | 工程测量--gong cheng ce liang--高等教育--教材 | |
| 电子资源: | ||
| ISBN: | 978-7-5083-5837-6 | |
| 000 | 01116nam0 2200301 450 | |
| 001 | 012007548728 | |
| 005 | 20071228154353.54 | |
| 010 | @a978-7-5083-5837-6@dCNY22.00 | |
| 100 | @a20071228d2007 km y0chiy0120 ea | |
| 101 | 0 | @achi |
| 102 | @aCN@b110000 | |
| 105 | @aak a 000yy | |
| 106 | @ar | |
| 200 | 1 | @a工程测量@Agong cheng ce liang@f赵雪云, 李峰主编@Fzhao xue yun,li feng zhu bian@g刘娟, 高岩, 白玉编写@Gliu juan,gao yan,bai yu bian xie |
| 210 | @a北京@c中国电力出版社@d2007.08 | |
| 215 | @a210页@c图@d26cm | |
| 300 | @a普通高等教育“十一五”国家级规划教材(高职高专教育) | |
| 320 | @a有书目 (第210页) | |
| 330 | @a本书包括:水准测量、角度测量、距离测量与直线定向、测量新技术、测量误差、小地区控制测量、地形图的测绘与应用、施工测量的基本知识、工程施工测量等内容。 | |
| 606 | 0 | @a工程测量@Agong cheng ce liang@x高等教育@j教材 |
| 690 | @aTB22@v4 | |
| 701 | 0 | @a赵雪云@Azhao xue yun@4主编 |
| 701 | 0 | @a李峰@Ali feng@4主编 |
| 702 | 0 | @a刘娟@Aliu juan@4编写 |
| 702 | 0 | @a高岩@Agao yan@4编写 |
| 702 | 0 | @a白玉@Abai yu@4编写 |
| 801 | 0 | @aCN@bQSSK@c20071228 |
| 905 | @b274124-26@dTB22@eZ338@f3 | |
| 工程测量/赵雪云, 李峰主编/刘娟, 高岩, 白玉编写.-北京:中国电力出版社,2007.08 |
| 210页:图;26cm |
| 普通高等教育“十一五”国家级规划教材(高职高专教育) |
| ISBN 978-7-5083-5837-6:CNY22.00 |
| 本书包括:水准测量、角度测量、距离测量与直线定向、测量新技术、测量误差、小地区控制测量、地形图的测绘与应用、施工测量的基本知识、工程施工测量等内容。 |
| ● |
| 相关链接 |
|
|
|
正题名:工程测量
索取号:TB22/Z338
 
预约/预借
| 序号 | 登录号 | 条形码 | 馆藏地/架位号 | 状态 | 备注 |
| 1 | 274124 | 202741248 | 自科库501/501自科库 5排3列3层/ [索取号:TB22/Z338] | 在馆 | |
| 2 | 274125 | 202741257 | 自科库501/501自科库 5排3列3层/ [索取号:TB22/Z338] | 在馆 | |
| 3 | 274126 | 202741266 | 自科库501/501自科库 5排3列3层/ [索取号:TB22/Z338] | 在馆 |